| 000 | 00369nam a2200145Ia 4500 | ||
|---|---|---|---|
| 999 |
_c2709 _d2709 |
||
| 003 | MAJU-Karachi | ||
| 005 | 20250604110730.0 | ||
| 008 | 190902s9999||||xx |||||||||||||| ||und|| | ||
| 040 | _c0 | ||
| 100 | _aDr. M. Imran Ashraf Usmani | ||
| 245 | 3 | _aIslamic Finance Guide to Islamic Banking | |
| 260 |
_aIndia _bThe McGraw-Hill _c2005 |
||
| 300 | _a246 | ||
| 942 |
_cBK _2ddc |
||